[Event "Barcelona Sant Marti op 11th"]
[Site "Barcelona"]
[Date "2024.02.15"]
[Round "6"]
[White "Gonzalez Ordas, Jose Antonio"]
[Black "Cervera Lopez, Miguel"]
[Result "0-1"]
[WhiteElo "1700"]
[BlackElo "1580"]
[PlyCount "78"]
[EventDate "2024.01.11"]
[EventType "swiss"]
[EventRounds "9"]
[EventCountry "ESP"]
[SourceTitle "CB11_2024"]
[SourceDate "2024.03.13"]
[SourceVersion "1"]
[SourceVersionDate "2024.03.13"]
[SourceQuality "1"]

1. d4 d5 2. c4 Nf6 3. Nc3 c6 4. Nf3 e6 5. Bg5 Be7 6. e3 Ne4 7. Bxe7 Qxe7 8. cxd5 exd5 9. Be2 Bf5 10. 0-0 Nd7 11. Nd2 Ndf6 12. Ndxe4 dxe4 13. f3 0-0-0 14. fxe4 Bxe4 15. Nxe4 Qxe4 16. Qb3 Kc7 17. Bf3 Qg6 18. a4 h5 19. a5 Rhf8 20. Rae1 Rd7 21. Qc3 Ne4 22. Bxe4 Qxe4 23. b4 Rd5 24. Rf4 Qg6 25. e4 Rg5 26. Rf2 Kb8 27. Qc4 h4 28. h3 Rg3 29. Kh2 Rxh3+ 30. Kg1 Qg3 31. Kf1 Rh1+ 32. Ke2 Qg4+ 33. Kd2 Rxe1 34. Kxe1 Qxe4+ 35. Kd2 Rd8 36. Rf3 Rxd4+ 37. Qxd4 Qxd4+ 38. Rd3 Qxb4+ 39. Ke2 Qe4+ 0-1

[Event "Barcelona Sant Marti op 11th"]
[Site "Barcelona"]
[Date "2024.01.25"]
[Round "3"]
[White "Lopez Sanchez, Pedro"]
[Black "Gonzalez Ordas, Jose Antonio"]
[Result "0-1"]
[WhiteElo "1340"]
[BlackElo "1700"]
[PlyCount "92"]
[EventDate "2024.01.11"]
[EventType "swiss"]
[EventRounds "9"]
[EventCountry "ESP"]
[SourceTitle "CB11_2024"]
[SourceDate "2024.03.13"]
[SourceVersion "1"]
[SourceVersionDate "2024.03.13"]
[SourceQuality "1"]

1. d4 Nf6 2. Nf3 e6 3. e3 Be7 4. Bd3 0-0 5. 0-0 b6 6. Nbd2 Bb7 7. Re1 c5 8. c3 d5 9. Qc2 c4 10. Bf1 Bd6 11. b3 b5 12. a4 b4 13. bxc4 bxc3 14. Qxc3 Ne4 15. Nxe4 dxe4 16. Nd2 Nd7 17. Ba3 Bxa3 18. Rxa3 a5 19. g3 f5 20. Qb3 Qc7 21. Rc1 Rab8 22. Qa2 Ba6 23. c5 Bxf1 24. Qxe6+ Kh8 25. Kxf1 Rb4 26. Qa2 Rfb8 27. Rb3 Qc6 28. Rcb1 h6 29. Rxb4 Rxb4 30. Rxb4 axb4 31. Nb3 Qa6+ 32. Kg2 Qc4 33. Qb1 Nf6 34. h3 Nd5 35. Nd2 Qe2 36. Nf1 Qc4 37. Qa1 b3 38. Nd2 Qc2 39. Qe1 b2 40. Nb1 Qc1 41. Kf1 Nb4 42. Ke2 Nd3 43. Qd1 Qc4 44. Kd2 Qc1+ 45. Ke2 Nxf2 46. Kxf2 Qxd1 0-1